|
|
|
|
| LEADER |
00000nab a2200000 ar4500 |
| 001 |
vtls009003418 |
| 003 |
SK-MaSNL |
| 005 |
20260319071255.0 |
| 008 |
061219c2006 xo |||||||| 000 b|hun |
| 015 |
|
|
|a SNBRB2006/12
|2 snkbucl
|
| 038 |
|
|
|a SNKBUCL
|
| 040 |
|
|
|a DSZK
|b slo
|c DSZK
|e AACR2
|
| 041 |
0 |
|
|a hun
|
| 044 |
|
|
|a xo
|c SK
|
| 080 |
|
|
|a 246.8:284.2:061.3
|2 1997
|
| 100 |
1 |
|
|a Süll, Kinga
|4 aut
|9 303339
|
| 245 |
1 |
0 |
|a I. Országos Kántorkonferencia
|b Rimaszombat
|c Süll Kinga
|
| 246 |
3 |
|
|a Első Országos Kántorkonferencia
|
| 300 |
|
|
|b Fotogr.
|
| 611 |
2 |
7 |
|a Celoslovenská konferencia pre kantorov
|d (2006 :
|c Rimavská Sobota, Slovensko)
|2 snkbucl
|9 1065785
|
| 648 |
|
7 |
|a 2006
|2 snkbucl
|9 313148
|
| 648 |
|
7 |
|a 6.7.2006
|2 snkbucl
|9 1065786
|
| 651 |
|
7 |
|a Rimavská Sobota (Slovensko)
|2 snkbucl
|9 28655
|
| 773 |
0 |
|
|t Kálvinista szemle
|g Évf. LXXVII, sz. 12 (2006), o. 14
|x 1335-7298
|
| 852 |
|
|
|a SNK
|b KIS3GCP
|
| 852 |
|
|
|a DSZK
|b KIS3GCP
|
| 958 |
|
|
|a HU
|
| 958 |
|
|
|a SK
|
| 958 |
|
|
|a NT
|
| 999 |
|
|
|c 1751694
|d 1753624
|